00967cam7a220025300 4500001001200000005001700012008004100029010001600070035002000086035002200106035002200128040000900150100004700159245001700206260003400223490003700257500006500294504012600359600007700485700007700562949005000639004000700689999001700696qcf0000190520190816092110.0720628s1960 fr ach b 000 0bfre c aa 61005552 a(Sirsi) r124331 a(QCAT)lss00242322 a(UPRA)qcf00001905 dUPRA1 aEtiemble, 1909-dEtiemble, 1909-6A88930.110aSupervielle. a[Paris] :bGallimard,c[1960]0 aLa Bibliotheque ideale6S13898.1 aIncludes selections and quotations from Supervielle's works. a"Bibliographie": p. [293]-307. "Iconographie": p. [308]-309. "Musicographie": p. [310]-311. "Phonographie": p. [312]-315.10aSupervielle, Jules, 1884-1960.dSupervielle, Jules, 1884-1960.6S66133.11 aSupervielle, Jules, 1884-1960.dSupervielle, Jules, 1884-1960.6A44343.1 aPQ2637.U6wlcci-178579mMAINtBOOKlON-SHELF124331 c81909d81909